000 00915nam a2200289 4500
001 0000015250
003 CO-CtgCURN
005 20250331184727.0
007 ta
008 160627s1993 nyu 000 0 eng d
020 _a0194335577
040 _aCO-CtgCURN
_bspa
_ccoctgcurn
082 0 _a421
_bJ613ht
100 1 _aJohn y Liz Soars.
245 1 0 _aHeadway Teachers Book. Intermediate /
_cSoars John y Liz.
260 _aNew York :
_bOsford University Press,
_c1993.
300 _a48 p.
336 _2rdacontent
337 _2rdamedia
_asin mediacion
_bn
338 _2rdacarrier
_avolumen
_bnc
490 1 _aOxford English
505 8 _aPresent simple and present continuous.--Present simple.--Past simple and past continuous.--Teachers book
650 1 4 _aIngles.
908 _a160627
942 _cBK
_h421
_iJ613ht
_2ddc
999 _c20591
_d20591